Toyota Car Models Worldwide 2024-25 - Statistics

General Stats
  • This quiz has been taken 1,393 times
    506 since last reset
  • The average score is 57 of 138
Answer Stats
Hint Answer % Correct
Compact Sedan Corolla Altis
91%
Compact Sport Sedan Corolla Altis GR Sport
91%
Compact Sedan Hybrid Corolla Altis Hybrid
91%
Compact Hatchback Corolla Hatchback
91%
Compact Hatchback Hybrid Corolla Hatchback Hybrid
91%
Compact Wagon Corolla Touring Sports
91%
Compact Wagon Hybrid Corolla Touring Sports Hybrid
91%
Hot Hatch GR Corolla
91%
Compact Sedan Allion
90%
Compact Sedan Corolla
90%
Subcompact Crossover Corolla Cross/Frontlander
90%
Subcompact Sport Crossover Corolla Cross GR Sport
90%
Subcompact Crossover Hybrid Corolla Cross Hybrid
90%
Compact Sport Hatchback Corolla GR Sport
90%
Compact Sedan Hybrid Corolla Hybrid
90%
Compact Wagon Corolla Trek
90%
Compact Wagon Hybrid Corolla Trek Hybrid
90%
Compact Sedan Levin
90%
Comapct Sedan LWB Levin GT
90%
Compact Sedan Hybrid Levin Hybrid
90%
Midsize Sedan Camry
79%
Hot Hatch GR Yaris
75%
Compact Crossover Hybrid RAV4 Hybrid
75%
Compact Crossover PHEV RAV4 PHEV
75%
Compact Crossover RAV4/Wildlander
75%
Subcompact Sedan Yaris
74%
Subcompact Sedan Yaris ATIV
74%
Subcompact Crossover Yaris Cross
74%
Subcompact Crossover Hybrid Yaris Cross Hybrid
74%
Subcompact Hatchback Hybrid Yaris Hybrid
74%
Subcompact Sedan Yaris L
74%
Subcompact Hatchback Yaris L Hatchback
74%
Subcompact Sedan Yaris R
74%
Subcompact Hatchback Yaris R Hatchback
74%
Sports Car GR Supra
72%
Midsize Crossover Crown Kluger
65%
Compact Liftback Hybrid Prius
64%
Compact Liftback PHEV Prius PHEV
64%
Midsize Pickup Tacoma
64%
Midsize Off-Road Pickup Tacoma TRD Pro
64%
1/2 Ton Pickup Tundra
61%
1/2 Ton Off-Road Pickup Tundra TRD Pro
61%
Fullsize SUV Land Cruiser
57%
Fullsize SUV Land Cruiser 70
57%
Fullsize Sport SUV Land Cruiser GR Sport
57%
Fullsize SUV Land Cruiser Prado
57%
Midsize Pickup Hilux
55%
Midsize Sport Pickup Hilux GR Sport
55%
Midsize Sport Pickup Hilux TRD
55%
Midsize Crossover Highlander/Kluger
53%
Midsize Crossover Hybrid Highlander/Kluger Hybrid
53%
Minivan Crown Vellfire
50%
Sports Car GR 86
50%
Midsize SUV 4Runner
49%
Midsize Off-Road SUV 4Runner TRD Pro
49%
Fullsize Sedan Crown
48%
Fullsize Sedan Crown Crossover
48%
Midsize Crossover Crown Signia
48%
Compact Crossover Crown Sport
48%
Minivan Sienna
48%
Minivan Granvia
37%
Commercial Van HiAce/Commuter
37%
Subcompact Crossover C-HR
36%
Fullsize SUV Sequoia
36%
Fullsize Off-Road SUV Sequoia TRD Pro
36%
Minivan Alphard
34%
Minivan Hybrid Alphard Hybrid
34%
Fullsize Sedan Avalon
34%
Fullsize Sedan Hybrid Avalon Hybrid
34%
Fullsize Sport Sedan Avalon TRD
34%
Compact Crossover EV bZ4X
33%
Midsize SUV Fortuner
31%
Midsize SUV Fortuner Legender
31%
Midsize Sport SUV Fortuner TRD Sportivo
31%
City Car Aygo X
29%
Executive Sedan Century
28%
Executive SUV Century SUV
28%
Midsize Sedan FCV Mirai
28%
Midsize Crossover Harrier/Venza
26%
Commercial Van ProAce
23%
Commercial Van ProAce City
23%
Minivan ProAce City Verso
23%
Commercial Van EV ProAce EV
23%
Commercial Van ProAce Max
23%
Commercial Van EV ProAce Max EV
23%
Minivan ProAce Verso
23%
Midsize MPV Innova Crysta
21%
Midsize MPV Innova Zenix/Hycross
21%
Minivan Vellfire
21%
Minivan Hybrid Vellfire Hybrid
21%
Subcompact Hatchback Hybrid Aqua
19%
Midsize MPV Noah
19%
Mini MPV Sienta
19%
Mini MPV Hybrid Sienta Hybrid
19%
Midsize Crossover Grand Highlander
18%
Midsize Crossover Grand Highlander Hybrid
18%
Compact MPV Veloz
18%
Midsize MPV Voxy
18%
Subcompact Crossover Raize
17%
Compact MPV Avanza
16%
Compact Sedan EV bZ3
16%
Subcompact Sedan Vios
16%
Subcompact Hatchback Vios FS
16%
Kei Roadster Copen GR Sport
15%
Taxi JPN Taxi/Comfort
15%
Minibus Coaster
14%
Subcompact Crossover Urban Cruiser Taisor
14%
Commercial Truck Dyna
13%
Kei Car Pixis Epoch
13%
Kei Car Pixis Joy
13%
Kei Car Pixis Mega
13%
Kei Truck Pixis Truck
13%
Kei Van Pixis Van
13%
Commercial Van TownAce/LiteAce
13%
Subcompact Crossover EV Urban Cruiser
13%
Subcompact Crossover Urban Cruiser Hyryder
13%
Compact Crossover EV bZ3X
12%
Sport City Car Agya GR Sport
11%
City Car Agya/Wigo
11%
Mini MPV Roomy
11%
Mini MPV Roomy Custom
11%
City Car Vitz
11%
Subcompact Hatchback Glanza/Starlet
10%
Subcompact Crossover Rush
10%
Light Commercial Vehicle ProBox
9%
Light Commercial Vehicle Succeed
9%
Mini MPV Calya
8%
Bus FCV Sora
8%
Compact Crossover EV bZ3C
7%
Compact MPV Rumion
7%
Compact Sedan Belta
5%
Ultra Compact Kei Car EV C+Pod
5%
Compact Pickup Hilux Champ/Tamaraw
4%
Subcompact Hatchback Passo
4%
Subcompact Hatchback Passo Moda
4%
Commercial Truck ToyoAce
3%
Compact MPV Porte
2%
Compact MPV Spade
2%
No matching quizzes found
Score Distribution
Percent of People with Each Score
Percentile by Number Answered
Your Score History
You have not taken this quiz since the last reset